[Event "Novi Sad Serbia op-B"]
[Site "Novi Sad"]
[Date "2022.06.28"]
[Round "1"]
[White "Parnicki, Zlatko"]
[Black "Divitt, Arora"]
[Result "0-1"]
[WhiteElo "2077"]
[BlackElo "1694"]
[PlyCount "222"]
[EventDate "2022.06.28"]
[EventType "swiss"]
[EventRounds "9"]
[EventCountry "SRB"]
[SourceTitle "EXT 2023"]
[Source "ChessBase"]
[SourceDate "2022.10.05"]
[SourceVersion "1"]
[SourceVersionDate "2022.10.05"]
[SourceQuality "1"]

1. d4 Nf6 2. g3 e6 3. Bg2 d5 4. Bg5 c5 5. e3 Nc6 6. c3 h6 7. Bxf6 Qxf6 8. Ne2 Bd6 9. 0-0 0-0 10. Nd2 b6 11. f4 Bb7 12. Nf3 b5 13. Qd3 b4 14. Ne5 Qe7 15. Rac1 a5 16. Qd1 Bxe5 17. fxe5 a4 18. cxb4 cxd4 19. b5 Nxe5 20. Qxd4 Nc4 21. b3 axb3 22. axb3 Nd6 23. Qb6 Nxb5 24. Rc5 Nd6 25. Rc7 Qd8 26. Rxb7 Nxb7 27. Qxb7 Rb8 28. Qa7 Rxb3 29. e4 dxe4 30. Bxe4 Qd2 31. Qf2 Re3 32. Bf3 e5 33. Nc1 Qd4 34. Kg2 f5 35. Rd1 Qb6 36. Bd5+ Kh8 37. Re1 f4 38. gxf4 Qg6+ 39. Kh1 Rxe1+ 40. Qxe1 Rxf4 41. Ne2 Rf8 42. Ng3 h5 43. Qxe5 h4 44. Be4 Re8 45. Qf4 Qh6 46. Qf7 Rc8 47. Nf5 Qg5 48. Ne3 Qxe3 49. Qh5+ Qh6 50. Qxh6+ gxh6 51. Kg2 Rc4 52. Kf3 Kg7 53. h3 Kf6 54. Bd5 Rd4 55. Bb7 Rb4 56. Bc8 Kg5 57. Bd7 Rf4+ 58. Ke3 Rf1 59. Ke2 Rf7 60. Bc8 Kf4 61. Kf2 Rc7 62. Bg4 Rc2+ 63. Kg1 Kg3 64. Kf1 Rf2+ 65. Ke1 Rf4 66. Bd7 Kg2 67. Ke2 Re4+ 68. Kd3 Re7 69. Bg4 Rg7 70. Bf5 Rf7 71. Bc8 Re7 72. Bf5 Kf3 73. Bg4+ Kf4 74. Kd2 Ra7 75. Ke2 Ra3 76. Kf2 Ra2+ 77. Kg1 Kg3 78. Kf1 Ra1+ 79. Ke2 Rh1 80. Bd7 Rh2+ 81. Kf1 Rf2+ 82. Ke1 Rf7 83. Bc8 Kf3 84. Kf1 h5 85. Be6 Rc7 86. Bd5+ Ke3 87. Kg2 Rc2+ 88. Kf1 Rd2 89. Bc6 Kf4 90. Bb7 Rc2 91. Bd5 Kg3 92. Be6 Rc6 93. Bd7 Rd6 94. Bc8 Kh2 95. Kf2 Rf6+ 96. Ke3 Rc6 97. Bf5 Rf6 98. Bd7 Rf7 99. Bc8 Kg2 100. Ke2 Re7+ 101. Kd3 Kg3 102. Kd2 Kf4 103. Ba6 Kg3 104. Bc8 Kf4 105. Ba6 Re8 106. Bd3 Re5 107. Ba6 Re3 108. Bc8 Re8 109. Ba6 Kg3 110. Bf1 Rf8 111. Ke1 Kh2 0-1

[Event "Vojvodina-ch 6th"]
[Site "Novi Sad"]
[Date "2015.07.29"]
[Round "7"]
[White "Elez, Nikola"]
[Black "Parnicki, Zlatko"]
[Result "1/2-1/2"]
[WhiteElo "2222"]
[BlackElo "2071"]
[PlyCount "113"]
[EventDate "2015.07.25"]
[EventType "swiss"]
[EventRounds "9"]
[EventCountry "YUG"]
[SourceTitle "EXT 2017"]
[Source "ChessBase"]
[SourceDate "2016.10.25"]
[SourceVersion "1"]
[SourceVersionDate "2016.10.25"]
[SourceQuality "1"]

1. e4 c5 2. b3 d6 3. Bb2 Nf6 4. Bb5+ Nbd7 5. Bxf6 exf6 6. Ne2 a6 7. Bxd7+ Bxd7 8. 0-0 f5 9. exf5 Bxf5 10. Ng3 Be6 11. f4 Be7 12. Qf3 Rb8 13. Nc3 0-0 14. f5 Bd7 15. Nd5 Bf6 16. c3 Bc6 17. Nxf6+ Qxf6 18. Qg4 Kh8 19. Nh5 Qh6 20. f6 g6 21. Nf4 Rfe8 22. Rae1 Qf8 23. d3 Rxe1 24. Rxe1 Re8 25. Kf2 Rxe1 26. Kxe1 Qe8+ 27. Kd2 h6 28. g3 Kh7 29. Qe2 Qe5 30. Qxe5 dxe5 31. Nh3 g5 32. Nf2 h5 33. g4 Kg6 34. gxh5+ Kxh5 35. Ke3 b6 36. d4 exd4+ 37. cxd4 Kg6 38. dxc5 bxc5 39. Nd3 Kxf6 40. Nxc5 a5 41. a3 Kf5 42. Nd3 Bd5 43. b4 axb4 44. axb4 Bc4 45. Nf2 Ke5 46. Ng4+ Kf5 47. Nf2 Ba6 48. Ne4 Kg4 49. Nf2+ Kh5 50. Ne4 Kh4 51. Kf2 f5 52. Nd6 Bd3 53. b5 f4 54. b6 Ba6 55. b7 Bxb7 56. Nxb7 Kh3 57. Kg1 1/2-1/2

[Event "Vojvodina-ch 6th"]
[Site "Novi Sad"]
[Date "2015.07.25"]
[Round "2"]
[White "Parnicki, Zlatko"]
[Black "Ujhazi, Ivan"]
[Result "1-0"]
[WhiteElo "2071"]
[BlackElo "2231"]
[PlyCount "77"]
[EventDate "2015.07.25"]
[EventType "swiss"]
[EventRounds "9"]
[EventCountry "YUG"]
[SourceTitle "CBM 167 Extra"]
[Source "ChessBase"]
[SourceDate "2015.09.14"]
[SourceVersion "1"]
[SourceVersionDate "2015.09.14"]
[SourceQuality "1"]

1. e4 c5 2. Nf3 Nc6 3. Bb5 g6 4. 0-0 Bg7 5. Re1 e5 6. d3 Nge7 7. Bg5 h6 8. Be3 d6 9. c3 0-0 10. Bc4 Kh7 11. d4 exd4 12. cxd4 f5 13. e5 f4 14. Bc1 cxd4 15. e6 d5 16. Bb3 Qd6 17. Na3 a6 18. Nc2 Nf5 19. Qd2 g5 20. h4 g4 21. Nh2 Nxh4 22. e7 Nxe7 23. Nxd4 Bd7 24. Qd3+ Neg6 25. Bd2 Kh8 26. Bc2 g3 27. Nhf3 gxf2+ 28. Kxf2 Nxf3 29. gxf3 Qb6 30. Bc3 Bf5 31. Re6 Bxe6 32. Qxg6 Bxd4+ 33. Ke2 Bf5 34. Qxb6 Rae8+ 35. Kd2 Bxc3+ 36. bxc3 Bxc2 37. Kxc2 Re2+ 38. Kb3 Rh2 39. Rg1 1-0

[Event "Senta op-A 16th"]
[Site "Senta"]
[Date "2012.07.18"]
[Round "6"]
[White "Savic, Dragan"]
[Black "Parnicki, Zlatko"]
[Result "1/2-1/2"]
[WhiteElo "2174"]
[BlackElo "2194"]
[PlyCount "164"]
[EventDate "2012.07.14"]
[EventType "swiss"]
[EventRounds "9"]
[EventCountry "SRB"]
[SourceTitle "CBM 149 Extra"]
[Source "ChessBase"]
[SourceDate "2012.08.24"]
[SourceVersion "1"]
[SourceVersionDate "2012.08.24"]
[SourceQuality "1"]

1. e4 c5 2. Nf3 d6 3. Bb5+ Bd7 4. Bxd7+ Qxd7 5. 0-0 Nc6 6. c3 Nf6 7. Re1 e6 8. d4 Be7 9. h3 0-0 10. Bg5 cxd4 11. Nxd4 d5 12. Nxc6 bxc6 13. Nd2 h6 14. Bf4 Ne8 15. Nf3 Bd6 16. Bxd6 Nxd6 17. e5 Nf5 18. Qa4 Qb7 19. Rab1 c5 20. c4 Rab8 21. cxd5 exd5 22. e6 fxe6 23. Rxe6 Qf7 24. Re2 Rb4 25. Qc6 Rc4 26. Ne5 Nd4 27. Nxf7 Nxc6 28. Nd6 Rb4 29. Rc2 c4 30. Rd1 Ne7 31. Re2 Ng6 32. g3 Rfb8 33. Rxd5 Rxb2 34. Rxb2 Rxb2 35. Nxc4 Rxa2 36. h4 Ne7 37. Rb5 Kf7 38. Nd6+ Ke6 39. Ne4 Nd5 40. Rb7 g6 41. f3 a5 42. Ra7 Ke5 43. Nc5 Kd6 44. Rxa5 Rxa5 45. Nb7+ Kc6 46. Nxa5+ Kb5 47. Nb3 Kc4 48. Nc1 Kd4 49. Kf2 h5 50. Ne2+ Kd3 51. Ng1 Ne3 52. f4 Ke4 53. Ne2 Nd1+ 54. Kg2 Ne3+ 55. Kh3 Ng4 56. Kg2 Ne3+ 57. Kh3 Ng4 58. Ng1 Ne3 59. Kh2 Ng4+ 60. Kg2 Ne3+ 61. Kf2 Nd5 62. Ke2 Nc3+ 63. Kd2 Nb1+ 64. Ke1 Ke3 65. Kf1 Ke4 66. Kg2 Nd2 67. Nh3 Nf3 68. Nf2+ Ke3 69. Nd1+ Ke2 70. Nc3+ Ke3 71. Nd5+ Ke2 72. Ne7 Ne1+ 73. Kh3 Nf3 74. g4 Kf2 75. gxh5 gxh5 76. f5 Ng5+ 77. Kh2 Nf3+ 78. Kh1 Kg3 79. Ng6 Nd4 80. f6 Ne6 81. f7 Kg4 82. Kh2 Kf5 1/2-1/2

[Event "Senta op-A 16th"]
[Site "Senta"]
[Date "2012.07.17"]
[Round "5"]
[White "Parnicki, Zlatko"]
[Black "Petrusic, Goran"]
[Result "0-1"]
[WhiteElo "2194"]
[BlackElo "1976"]
[PlyCount "46"]
[EventDate "2012.07.14"]
[EventType "swiss"]
[EventRounds "9"]
[EventCountry "SRB"]
[SourceTitle "CBM 149 Extra"]
[Source "ChessBase"]
[SourceDate "2012.08.24"]
[SourceVersion "1"]
[SourceVersionDate "2012.08.24"]
[SourceQuality "1"]

1. d4 c6 2. g3 d5 3. Bg2 Nf6 4. c4 e6 5. Nc3 Bd6 6. Nf3 0-0 7. 0-0 Nbd7 8. b3 h6 9. Bb2 b6 10. Re1 Bb7 11. Nd2 c5 12. e4 dxe4 13. Ndxe4 Bxe4 14. Nxe4 Nxe4 15. Bxe4 Rc8 16. Bc2 Be7 17. Qd3 g6 18. Rxe6 Bf6 19. Rae1 cxd4 20. Rd6 Re8 21. Rxe8+ Qxe8 22. Rxf6 Nxf6 23. Qxd4 Rc6 0-1

[Event "Senta op"]
[Site "Senta"]
[Date "2002.07.20"]
[Round "2"]
[White "Scekic, Milos"]
[Black "Parnicki, Zlatko"]
[Result "1-0"]
[WhiteElo "2404"]
[BlackElo "2226"]
[PlyCount "61"]
[EventDate "2002.07.19"]
[EventType "swiss"]
[EventRounds "9"]
[EventCountry "YUG"]
[SourceTitle "CBM 089 Extra"]
[Source "ChessBase"]
[SourceDate "2002.09.10"]
[SourceVersion "2"]
[SourceVersionDate "2002.09.10"]
[SourceQuality "1"]

1. d4 Nf6 2. c4 e6 3. Nf3 b6 4. e3 Bb7 5. Bd3 d5 6. 0-0 Be7 7. b3 0-0 8. Bb2 Nbd7 9. Nc3 dxc4 10. bxc4 c5 11. Rc1 Re8 12. Qe2 Qc7 13. Nb5 Qb8 14. Rfd1 a6 15. Nc3 Qc7 16. a4 Bd6 17. h3 Qc6 18. Qf1 cxd4 19. exd4 Bb8 20. Ba3 Qc7 21. d5 exd5 22. Nxd5 Nxd5 23. cxd5 Qf4 24. Rc4 Qf6 25. Rh4 g6 26. Re4 Rxe4 27. Bxe4 Qf4 28. Re1 Ne5 29. Nd4 Qd2 30. Nc6 Bxc6 31. dxc6 1-0

[Event "Vojvodina-ch"]
[Site "Yugoslavia"]
[Date "1995.??.??"]
[Round "?"]
[White "Parnicki, Zlatko"]
[Black "Ujhazi, Ivan"]
[Result "0-1"]
[WhiteElo "2275"]
[BlackElo "2285"]
[PlyCount "46"]
[EventDate "1995.??.??"]
[EventType "swiss"]
[EventRounds "7"]
[EventCountry "YUG"]
[SourceTitle "EXT 2002"]
[Source "ChessBase"]
[SourceDate "2001.11.25"]
[SourceVersion "1"]
[SourceVersionDate "2001.11.25"]
[SourceQuality "1"]

1. e4 c5 2. Nf3 Nc6 3. d4 cxd4 4. Nxd4 g6 5. Nxc6 bxc6 6. Qd4 Nf6 7. e5 Ng8 8. Bc4 Bg7 9. 0-0 d5 10. Bb3 Qc7 11. Re1 Nh6 12. Ba4 0-0 13. Qc5 Bb7 14. c4 dxc4 15. Nc3 Rad8 16. Qxa7 Nf5 17. Bf4 Rd4 18. Qc5 Ra8 19. Be3 Bxe5 20. Bxd4 Bxd4 21. Qxc4 Qf4 22. Kh1 c5 23. Bb3 Bxg2+ 0-1